Les mémoires de Sarah Barnum / (Record no. 110544)

MARC details
000 -LEADER
campo de control de longitud fija 00571nam a2200181 i 4500
001 - NÚMERO DE CONTROL
campo de control 110544
003 - IDENTIFICADOR DE NÚMERO DE CONTROL
campo de control ES-MaACL
005 - FECHA Y HORA DE LA ÚLTIMA TRANSACCIÓN
campo de control 20230906185059.0
007 - CAMPO FIJO DE DESCRIPCIÓN FÍSICA--INFORMACIÓN GENERAL
campo de control de longitud fija t|
008 - DATOS DE LONGITUD FIJA--INFORMACIÓN GENERAL
campo de control de longitud fija 070131q1883 fr |||| | fre d
080 ## - NÚMERO DE LA CLASIFICACIÓN DECIMAL UNIVERSAL
Número de la Clasificación Decimal Universal 821.133.1-31"19"
100 1# - ENTRADA PRINCIPAL--NOMBRE DE PERSONA
Nombre de persona Colombier, Marie.
9 (RLIN) 39823
245 14 - MENCIÓN DEL TÍTULO
Título Les mémoires de Sarah Barnum /
Mención de responsabilidad, etc. Marie Colombier ; avec une préface par Paul Bonnetain.
260 ## - PUBLICACIÓN, DISTRIBUCIÓN, ETC.
Lugar de publicación, distribución, etc. Paris :
Nombre del editor, distribuidor, etc. [s.n.,
Fecha de publicación, distribución, etc. 1883?]
300 ## - DESCRIPCIÓN FÍSICA
Extensión XV, 333 p. ;
Dimensiones 19 cm.
700 1# - ENTRADA AGREGADA--NOMBRE PERSONAL
Nombre de persona Bonnetain, Paul.
9 (RLIN) 30272
852 ## - LOCALIZACIÓN
Ubicación ES-MaACL
Número de control de estantería E-11564
Nota libre . - Biblioteca Jacinto Martínez Lacalle
Holdings
Estatus retirado Estado de pérdida Estado de daño No para préstamo Colección Biblioteca de origen Biblioteca actual Ubicación en estantería Fecha de adquisición Fuente de adquisición Total de préstamos Signatura topográfica completa Código de barras Visto por última vez Precio de reemplazo Tipo de ítem Koha
        Libros del s. XIX Biblioteca del Ateneo de Madrid Biblioteca del Ateneo de Madrid Depósito 2 17/01/2008     E-11564 1115338 23/02/2023 23/02/2023 Libro impreso antiguo